书目信息 |
| 题名: |
赛尔号超级精灵宝典
|
|
| 作者: | ;上海淘米网络科技公司 编著 | |
| 分册: | 6 | |
| 出版信息: | 南京 江苏美术出版社 2012.12 |
|
| 页数: | 187页 | |
| 开本: | 17cm | |
| 丛书名: | ||
| 单 册: | ||
| 中图分类: | G898.3 | |
| 科图分类: | ||
| 主题词: | 电子游戏--少年读物 | |
| 电子资源: | ||
| ISBN: | 978-7-5344-5094-5 | |
| 000 | 00962nam0 2200253 450 | |
| 001 | 551777 | |
| 005 | 20250610100439.06 | |
| 010 | @a978-7-5344-5094-5@dCNY15.00 | |
| 100 | @a20210726d2012 cemy0chiy0120 ea | |
| 101 | 0 | @achi |
| 102 | @aCN@b320000 | |
| 105 | @aa z 000yy | |
| 106 | @ar | |
| 200 | 1 | @a赛尔号超级精灵宝典@9sai er hao chao ji jing ling bao dian@h6@f上海淘米网络科技公司编著 |
| 210 | @a南京@c江苏美术出版社@d2012.12 | |
| 215 | @a187页@c彩图@d17cm | |
| 314 | @a版权页题:上海淘米网络科技公司编著 | |
| 330 | @a本书为赛尔号超级精灵宝典的第六册,主要介绍了赛尔号各种精灵的基本资料信息,包括技能、分布地区、特征、资质值等,本书还为赛尔小玩家们详细讲解在游戏中各精灵操作的注意事项和取胜之道。 | |
| 333 | @a青少年 | |
| 606 | 0 | @a电子游戏@j少年读物 |
| 690 | @aG898.3@v5 | |
| 711 | 02 | @a上海淘米网络科技公司@9shang hai tao mi wang luo ke ji gong si@4编著 |
| 801 | 0 | @aCN@b人天书店@c20250607 |
| 905 | @b1616418-47@b1616418-47@dG898.3@e2931:6@f60 | |
| 赛尔号超级精灵宝典.6/上海淘米网络科技公司编著.-南京:江苏美术出版社,2012.12 |
| 187页:彩图;17cm |
| 使用对象:青少年 |
| ISBN 978-7-5344-5094-5:CNY15.00 |
| 本书为赛尔号超级精灵宝典的第六册,主要介绍了赛尔号各种精灵的基本资料信息,包括技能、分布地区、特征、资质值等,本书还为赛尔小玩家们详细讲解在游戏中各精灵操作的注意事项和取胜之道。 |
| ● |
| 相关链接 |
|
|
|
|
正题名:赛尔号超级精灵宝典
索取号:G898.3/2931:6
 
预约/预借
| 序号 | 登录号 | 条形码 | 馆藏地/架位号 | 状态 | 备注 |
| 1 | 1616418 | 216164184 | G898/第四借阅区/ [索取号:G898.3/2931:6] | 在馆 | |
| 2 | 1616419 | 216164193 | G898/第四借阅区/ [索取号:G898.3/2931:6] | 在馆 | |
| 3 | 1616420 | 216164200 | G898/第四借阅区/ [索取号:G898.3/2931:6] | 在馆 | |
| 4 | 1616421 | 216164219 | G898/第四借阅区/ [索取号:G898.3/2931:6] | 在馆 | |
| 5 | 1616422 | 216164228 | G898/第一样本阅览室/ [索取号:G898.3/2931:6] | 在馆 | |
| 6 | 1616423 | 216164237 | G898/不外借—密集书库/ [索取号:G898.3/2931:6] | 在馆 | |
| 7 | 1616424 | 216164246 | G898/不外借—密集书库/ [索取号:G898.3/2931:6] | 在馆 | |
| 8 | 1616425 | 216164255 | G898/不外借—密集书库/ [索取号:G898.3/2931:6] | 在馆 | |
| 9 | 1616426 | 216164264 | G898/不外借—密集书库/ [索取号:G898.3/2931:6] | 在馆 | |
| 10 | 1616427 | 216164273 | G898/不外借—密集书库/ [索取号:G898.3/2931:6] | 在馆 | |
| 11 | 1616428 | 216164282 | G898/不外借—密集书库/ [索取号:G898.3/2931:6] | 在馆 | |
| 12 | 1616429 | 216164291 | G898/不外借—密集书库/ [索取号:G898.3/2931:6] | 在馆 | |
| 13 | 1616430 | 216164308 | G898/不外借—密集书库/ [索取号:G898.3/2931:6] | 在馆 | |
| 14 | 1616431 | 216164317 | G898/不外借—密集书库/ [索取号:G898.3/2931:6] | 在馆 | |
| 15 | 1616432 | 216164326 | G898/不外借—密集书库/ [索取号:G898.3/2931:6] | 在馆 | |
| 16 | 1616433 | 216164335 | G898/不外借—密集书库/ [索取号:G898.3/2931:6] | 在馆 | |
| 17 | 1616434 | 216164344 | G898/不外借—密集书库/ [索取号:G898.3/2931:6] | 在馆 | |
| 18 | 1616435 | 216164353 | G898/不外借—密集书库/ [索取号:G898.3/2931:6] | 在馆 | |
| 19 | 1616436 | 216164362 | G898/不外借—密集书库/ [索取号:G898.3/2931:6] | 在馆 | |
| 20 | 1616437 | 216164371 | G898/不外借—密集书库/ [索取号:G898.3/2931:6] | 在馆 | |
| 21 | 1616438 | 216164380 | G898/不外借—密集书库/ [索取号:G898.3/2931:6] | 在馆 | |
| 22 | 1616439 | 216164399 | G898/不外借—密集书库/ [索取号:G898.3/2931:6] | 在馆 | |
| 23 | 1616440 | 216164406 | G898/不外借—密集书库/ [索取号:G898.3/2931:6] | 在馆 | |
| 24 | 1616441 | 216164415 | G898/不外借—密集书库/ [索取号:G898.3/2931:6] | 在馆 | |
| 25 | 1616442 | 216164424 | G898/不外借—密集书库/ [索取号:G898.3/2931:6] | 在馆 | |
| 26 | 1616443 | 216164433 | G898/不外借—密集书库/ [索取号:G898.3/2931:6] | 在馆 | |
| 27 | 1616444 | 216164442 | G898/不外借—密集书库/ [索取号:G898.3/2931:6] | 在馆 | |
| 28 | 1616445 | 216164451 | G898/不外借—密集书库/ [索取号:G898.3/2931:6] | 在馆 | |
| 29 | 1616446 | 216164460 | G898/不外借—密集书库/ [索取号:G898.3/2931:6] | 在馆 | |
| 30 | 1616447 | 216164479 | G898/不外借—密集书库/ [索取号:G898.3/2931:6] | 在馆 |